[Event "ICS Rated blitz match"]
[Site "204.178.125.65"]
[Date "1999.09.14"]
[Round "?"]
[White "faithless"]
[Black "Hossa"]
[Result "0-1"]
[WhiteElo "2185"]
[BlackElo "2323"]
[PlyCount "78"]
[EventDate "1999.??.??"]

1. e4 c5 2. Nf3 e6 3. d4 cxd4 4. Nxd4 Nf6 5. Nc3 d6 6. Be2 a6 7. O-O Be7 8. f4
Qc7 9. Be3 O-O 10. a4 Nc6 11. Bf3 Bd7 12. Nb3 Rac8 13. Kh1 Rfe8 14. a5 Qb8 15.
g4 Red8 16. g5 Ne8 17. Bg2 Nb4 18. Rf3 d5 19. e5 Nc7 20. Rh3 Nb5 21. Qh5 h6 22.
f5 Nxc2 23. gxh6 Qxe5 24. hxg7 Qxg7 25. Rg3 Qxg3 26. hxg3 Nxe3 27. fxe6 Bxe6
28. Nxb5 axb5 29. Nd4 Nxg2 30. Kxg2 Kg7 31. Rh1 Rh8 32. Nxe6+ fxe6 33. Qg4+ Kf7
34. Rf1+ Ke8 35. Qg7 Rc2+ 36. Kg1 Bc5+ 37. Rf2 Bxf2+ 38. Kf1 Rh1+ 39. Kg2 39...
Bd4+ {faithless resigns} 0-1

[Event "ICS Rated blitz match"]
[Site "204.178.125.65"]
[Date "1999.09.22"]
[Round "?"]
[White "felicity"]
[Black "Hossa"]
[Result "0-1"]
[WhiteElo "1532"]
[BlackElo "1906"]
[PlyCount "24"]
[EventDate "1999.??.??"]

1. d4 Nf6 2. Nf3 g6 3. c4 Bg7 4. Nc3 d6 5. e4 O-O 6. h3 c5 7. Be3 cxd4 8. Nxd4
Nc6 9. Be2 Nxd4 10. Bxd4 e5 11. Be3 Be6 12. Nd5 12... Nxe4 {felicity resigns}
0-1

[Event "ICS Rated blitz match"]
[Site "204.178.125.65"]
[Date "1999.09.22"]
[Round "?"]
[White "felicity"]
[Black "Hossa"]
[Result "0-1"]
[WhiteElo "1539"]
[BlackElo "1899"]
[PlyCount "54"]
[EventDate "1999.??.??"]

1. d4 Nf6 2. c4 g6 3. Nf3 Bg7 4. Nc3 O-O 5. e4 d6 6. h3 e5 7. Be3 exd4 8. Nxd4
Nc6 9. Nxc6 bxc6 10. Bd3 Nd7 11. Qc2 Ne5 12. O-O Ba6 13. Qe2 f5 14. f4 Nxd3 15.
Qxd3 fxe4 16. Qxe4 Qd7 17. Qd3 Qf5 18. Qxf5 Rxf5 19. g4 Rf7 20. Rac1 Bxc4 21.
Rfe1 Re7 22. Kf2 a5 23. b3 Ba6 24. Ne2 Rae8 25. Bd4 Rxe2+ 26. Rxe2 Bxd4+ 27.
Ke1 27... Bxe2 {felicity resigns} 0-1

[Event "ICS Rated blitz match"]
[Site "204.178.125.65"]
[Date "1999.08.27"]
[Round "?"]
[White "heatstroke"]
[Black "Hossa"]
[Result "1-0"]
[WhiteElo "2885"]
[BlackElo "2352"]
[PlyCount "86"]
[EventDate "1999.??.??"]

1. d4 Nf6 2. c4 c5 3. d5 d6 4. Nc3 g6 5. e4 Bg7 6. f3 O-O 7. Bg5 Nbd7 8. Nh3 e5
9. dxe6 Ne5 10. f4 Nc6 11. exf7+ Rxf7 12. Nf2 Be6 13. Be2 Qb6 14. Rb1 Na5 15.
Nd5 Bxd5 16. cxd5 h6 17. Bxf6 Rxf6 18. Qd2 Raf8 19. g3 Re8 20. O-O c4 21. Kg2
Qc5 22. e5 c3 23. bxc3 dxe5 24. Ne4 Qf8 25. fxe5 Rxf1 26. Rxf1 Qe7 27. e6 Rf8
28. Rxf8+ Qxf8 29. d6 Nc6 30. Qf4 Qxf4 31. gxf4 a6 32. Bd3 Bf8 33. Nf6+ Kh8 34.
Ne8 g5 35. f5 g4 36. f6 Kg8 37. d7 Kh8 38. Be4 h5 39. Bxc6 h4 40. Bxb7 Kh7 41.
d8=Q g3 42. Be4+ Kh6 43. Qd2+ 43... Kh5 {Hossa resigns} 1-0

[Event "ICS Rated blitz match"]
[Site "204.178.125.65"]
[Date "1999.08.27"]
[Round "?"]
[White "heatstroke"]
[Black "Hossa"]
[Result "1-0"]
[WhiteElo "2880"]
[BlackElo "2353"]
[PlyCount "118"]
[EventDate "1999.??.??"]

1. d4 a5 2. e4 d5 3. exd5 Qxd5 4. Nc3 Qd8 5. Bc4 Nd7 6. Bb3 Nb6 7. a4 Bf5 8.
Qf3 Qc8 9. Bf4 c6 10. Nge2 Nf6 11. O-O Qd8 12. Ng3 Bg4 13. Qd3 Nfd5 14. Nxd5
cxd5 15. Rfe1 Ra7 16. c3 Ra6 17. h3 Be6 18. Bc2 Nc4 19. b3 Nd6 20. Re2 Rc6 21.
Rae1 Qc7 22. Re3 Bd7 23. c4 dxc4 24. bxc4 Qd8 25. d5 Ra6 26. c5 Nc8 27. c6 Bxc6
28. dxc6 Rxc6 29. Qf5 e6 30. Rd1 Qb6 31. Qd3 Bd6 32. Nf5 Kd7 33. Be5 exf5 34.
Qxf5+ Kc7 35. Qxf7+ Kb8 36. Qxg7 Bxe5 37. Qxe5+ Qc7 38. Qxh8 Rxc2 39. Qe8 Ka8
40. Re5 Kb8 41. Rd7 Qb6 42. Rf5 Rc1+ 43. Kh2 Rh1+ 44. Kg3 Qg6+ 45. Qxg6 hxg6
46. Rxa5 Rc1 47. Rg7 Rc4 48. Rxg6 b6 49. Re5 Rxa4 50. Re8 Ra3+ 51. f3 Kc7 52.
Rg7+ Kb8 53. Rgg8 Rc3 54. h4 Kb7 55. Rxc8 Rb3 56. h5 Rb5 57. Kg4 Rb2 58. h6
Rxg2+ 59. Kh3 59... Rf2 {Hossa resigns} 1-0

[Event "ICS Rated blitz match"]
[Site "204.178.125.65"]
[Date "1999.09.22"]
[Round "?"]
[White "hphan"]
[Black "Hossa"]
[Result "0-1"]
[WhiteElo "1596"]
[BlackElo "1844"]
[PlyCount "64"]
[EventDate "1999.??.??"]

1. d4 Nf6 2. c4 g6 3. Nc3 Bg7 4. e4 d6 5. h3 O-O 6. Bd3 e5 7. d5 Nbd7 8. Nge2
Nc5 9. Bc2 c6 10. b4 Na6 11. a3 cxd5 12. cxd5 Nh5 13. O-O f5 14. f4 exf4 15.
Bxf4 fxe4 16. Qd2 Nxf4 17. Nxf4 Qb6+ 18. Kh1 e3 19. Qe2 Bxc3 20. Rad1 Bf5 21.
Bxf5 Rxf5 22. Ne6 Rf2 23. Rxf2 exf2 24. Rf1 Nc7 25. Nxc7 Qxc7 26. Rxf2 Be5 27.
Qf3 Bd4 28. Re2 Qc1+ 29. Kh2 Rc8 30. Qg4 Bg1+ 31. Kg3 Rc3+ 32. Kh4 32... Qh6+ {
hphan resigns} 0-1

[Event "ICS Rated blitz match"]
[Site "204.178.125.65"]
[Date "1999.09.08"]
[Round "?"]
[White "imbecile"]
[Black "Hossa"]
[Result "0-1"]
[WhiteElo "2019"]
[BlackElo "2497"]
[PlyCount "66"]
[EventDate "1999.??.??"]

1. d4 d5 2. Nf3 Bf5 3. e3 e6 4. Bd3 Nh6 5. O-O Nc6 6. c3 Bxd3 7. Qxd3 Nf5 8.
Nbd2 Be7 9. e4 Nd6 10. e5 Nf5 11. Re1 O-O 12. Nf1 Nh4 13. Nxh4 Bxh4 14. g3 Be7
15. f4 f6 16. Ne3 fxe5 17. fxe5 Qd7 18. Bd2 Na5 19. Rf1 c5 20. Rxf8+ Rxf8 21.
Rf1 Nc6 22. Rxf8+ Bxf8 23. Ng2 Qf7 24. Nf4 Be7 25. Be3 g5 26. Ng2 Qf3 27. Qd2
cxd4 28. cxd4 Bb4 29. Qf2 Nxd4 30. Qxf3 Nxf3+ 31. Kh1 a6 32. Bc1 Kf7 33. Ne3
33... Nxe5 {imbecile resigns} 0-1

[Event "ICS Rated blitz match"]
[Site "204.178.125.65"]
[Date "1999.09.09"]
[Round "?"]
[White "jason-1"]
[Black "Hossa"]
[Result "1-0"]
[WhiteElo "2217"]
[BlackElo "2528"]
[PlyCount "102"]
[EventDate "1999.??.??"]

1. Nf3 Nf6 2. d4 e6 3. c4 c5 4. Nc3 cxd4 5. Nxd4 Bb4 6. g3 Ne4 7. Qb3 Qb6 8.
Be3 O-O 9. Ndb5 Qa5 10. a3 Bxc3+ 11. Nxc3 Nc6 12. Rc1 Nxc3 13. Qxc3 Qd8 14. Bg2
d6 15. O-O Ne7 16. Rfd1 Nf5 17. c5 d5 18. Bf4 Ne7 19. e4 Re8 20. Be5 f6 21. Bd6
dxe4 22. Bxe4 Kh8 23. Bg2 Nd5 24. Qd3 a5 25. Rd2 b6 26. Bxd5 exd5 27. Qxd5 Bh3
28. c6 Rc8 29. f3 Re6 30. Kf2 Qe8 31. Qb5 a4 32. g4 Qg6 33. c7 Ree8 34. Bf4 f5
35. Rd6 Qf7 36. Kg3 fxg4 37. fxg4 Bg2 38. Qxa4 Ba8 39. Qd7 Qb3+ 40. Rc3 Qg8 41.
Rxb6 Bd5 42. Re3 Rf8 43. Bd6 Ra8 44. Bxf8 Rxf8 45. Re8 Rf3+ 46. Kg2 Rf8+ 47.
Kg1 Rxe8 48. Qxe8 Qxe8 49. Rb8 Qg8 50. Rxg8+ Bxg8 51. c8=Q 51... h5 {
Hossa resigns} 1-0

[Event "ICS Rated blitz match"]
[Site "204.178.125.65"]
[Date "1999.10.08"]
[Round "?"]
[White "kasparov4"]
[Black "Hossa"]
[Result "1-0"]
[WhiteElo "2218"]
[BlackElo "2478"]
[PlyCount "98"]
[EventDate "1999.??.??"]

1. d4 d5 2. c4 c6 3. Nf3 Bf5 4. Nbd2 Nf6 5. g3 e6 6. Bg2 Bb4 7. Qa4 Na6 8. a3
Be7 9. Ne5 Nc7 10. h3 O-O 11. g4 Be4 12. Nxe4 Nxe4 13. Bf4 f6 14. Nd3 Bd6 15.
cxd5 cxd5 16. Rc1 f5 17. e3 fxg4 18. hxg4 Bxf4 19. Nxf4 Ng5 20. Nd3 Rf6 21. f4
Nf7 22. g5 Rg6 23. Qd1 Ne8 24. Qh5 Nf6 25. Qh3 Qb6 26. gxf6 Rh6 27. Qg4 Rxf6
28. Rc2 Qb3 29. Qd1 Rd8 30. Rc7 Qb6 31. Qc2 Nd6 32. Ne5 h6 33. Nd7 Rxd7 34.
Rxd7 Nf5 35. Rh3 Rf8 36. Rc7 Rf6 37. b4 Qa6 38. a4 Qb6 39. Qc3 Qa6 40. a5 Rg6
41. Qd2 Nd6 42. Qc2 Nf5 43. Bf1 Qd6 44. Rxb7 Rg1 45. Qf2 Rg4 46. a6 Qf8 47. Bd3
Nd6 48. Rxa7 Qb8 49. Re7 49... Qxb4+ {Hossa resigns} 1-0

[Event "ICS Rated blitz match"]
[Site "204.178.125.65"]
[Date "1999.09.30"]
[Round "?"]
[White "kyklop"]
[Black "Hossa"]
[Result "0-1"]
[WhiteElo "2333"]
[BlackElo "2473"]
[PlyCount "140"]
[EventDate "1999.??.??"]

1. c4 Nf6 2. Nf3 g6 3. g3 Bg7 4. Bg2 O-O 5. O-O c5 6. Nc3 Nc6 7. d3 d6 8. a3 e5
9. Bg5 h6 10. Bxf6 Bxf6 11. Ne1 Re8 12. Nc2 Be6 13. Ne3 Bg7 14. Ned5 Qd7 15.
Rb1 Bg4 16. b4 cxb4 17. axb4 Nd4 18. Re1 Rac8 19. b5 Rb8 20. b6 a6 21. Nc7 Rec8
22. N3d5 Kh8 23. Qd2 Bh3 24. Bh1 Qg4 25. Ne3 Qg5 26. Rb2 f6 27. Ned5 Qh5 28.
Bg2 Bxg2 29. Kxg2 Rd8 30. Qd1 f5 31. e3 Nf3 32. Qxf3 Qxf3+ 33. Kxf3 e4+ 34.
dxe4 fxe4+ 35. Kxe4 Bxb2 36. Kd3 Rf8 37. f4 Ba3 38. e4 a5 39. e5 dxe5 40. fxe5
Bb2 41. e6 Rf3+ 42. Kc2 Rf2+ 43. Kb3 Bf6 44. e7 Bxe7 45. Nxe7 Rxh2 46. Nxg6+
Kh7 47. Nf4 Rg8 48. Re7+ Kh8 49. Ka4 Ra2+ 50. Kb5 Rb2+ 51. Kc5 Rc8 52. Ng6+ Kg8
53. Kd6 Rxb6+ 54. Kd7 Rxc7+ 55. Kxc7 Rxg6 56. Kxb7 Rxg3 57. Re5 a4 58. Ra5 a3
59. c5 Kf7 60. c6 Rb3+ 61. Kc8 Ke7 62. c7 Rc3 63. Re5+ Kd6 64. Re2 Rxc7+ 65.
Kb8 Rc4 66. Rd2+ Kc6 67. Rc2 Rxc2 68. Ka7 Rc4 69. Kb8 Kb6 70. Ka8 70... Rc8# {
kyklop checkmated} 0-1

[Event "ICS Rated blitz match"]
[Site "204.178.125.65"]
[Date "1999.08.28"]
[Round "?"]
[White "libertad"]
[Black "Hossa"]
[Result "0-1"]
[WhiteElo "2103"]
[BlackElo "2401"]
[PlyCount "64"]
[EventDate "1999.??.??"]

1. e4 c5 2. Nf3 e6 3. d4 cxd4 4. Nxd4 Nf6 5. Nc3 Bb4 6. Bg5 Bxc3+ 7. bxc3 Qa5
8. Bd2 Qe5 9. f3 d5 10. Bd3 dxe4 11. fxe4 O-O 12. Qe2 Qc5 13. O-O e5 14. Be3
exd4 15. cxd4 Qc6 16. e5 Bg4 17. Qf2 Nd5 18. Bd2 Bh5 19. Qg3 b5 20. Be4 Nd7 21.
c3 Bg6 22. Qf3 Bxe4 23. Qxe4 N7b6 24. Rf3 Nc4 25. Bg5 Rae8 26. Raf1 Qe6 27. Qh4
Qb6 28. Rf6 gxf6 29. exf6 Kh8 30. Qh6 Rg8 31. h4 Nxc3 32. h5 32... Qxd4+ {
libertad resigns} 0-1

[Event "ICS Rated blitz match"]
[Site "204.178.125.65"]
[Date "1999.08.27"]
[Round "?"]
[White "matar"]
[Black "Hossa"]
[Result "0-1"]
[WhiteElo "2200"]
[BlackElo "2350"]
[PlyCount "80"]
[EventDate "1999.??.??"]

1. e4 e6 2. Nf3 d5 3. Nc3 Bb4 4. a3 Bxc3 5. dxc3 Ne7 6. exd5 exd5 7. Bg5 O-O 8.
Qd2 f6 9. Bf4 Re8 10. O-O-O Bg4 11. Bd3 Bxf3 12. gxf3 Nd7 13. Rhg1 Kh8 14. Rde1
Nc5 15. h4 c6 16. h5 Nxd3+ 17. cxd3 Nf5 18. h6 Rxe1+ 19. Qxe1 Nxh6 20. Bxh6
gxh6 21. Qe6 Qf8 22. Qd7 Rb8 23. f4 h5 24. f5 h4 25. Kc2 h3 26. Qc7 Re8 27.
Qxb7 Re2+ 28. Kb3 Rxf2 29. Qxc6 h2 30. Re1 Qf7 31. c4 dxc4+ 32. dxc4 Kg7 33.
Kc3 a5 34. b4 axb4+ 35. axb4 Qa7 36. Qc5 Qa3+ 37. Kd4 Qb2+ 38. Kd5 Qd2+ 39. Kc6
Qxe1 40. b5 40... h1=Q+ {matar resigns} 0-1

[Event "ICS Rated blitz match"]
[Site "204.178.125.65"]
[Date "1999.10.09"]
[Round "?"]
[White "matar"]
[Black "Hossa"]
[Result "0-1"]
[WhiteElo "2236"]
[BlackElo "2429"]
[PlyCount "28"]
[EventDate "1999.??.??"]

1. e4 d5 2. exd5 Nf6 3. c4 c6 4. Nc3 cxd5 5. d4 e6 6. Nf3 Be7 7. Bg5 O-O 8. Rc1
Nc6 9. a3 b6 10. cxd5 Nxd5 11. Nxd5 Bxg5 12. h4 Bxc1 13. Nb4 Nxb4 14. axb4
14... Bxb2 {matar resigns} 0-1

[Event "ICS Rated blitz match"]
[Site "204.178.125.65"]
[Date "1999.10.04"]
[Round "?"]
[White "matar"]
[Black "Hossa"]
[Result "0-1"]
[WhiteElo "2246"]
[BlackElo "2381"]
[PlyCount "104"]
[EventDate "1999.??.??"]

1. e4 c5 2. Nf3 e6 3. d4 cxd4 4. Nxd4 a6 5. Nc3 Qc7 6. g3 Bb4 7. Bd2 Ne7 8. Bg2
d5 9. O-O Nbc6 10. Nxc6 bxc6 11. Nb5 axb5 12. Bxb4 O-O 13. exd5 exd5 14. Bc5
Be6 15. Re1 Rfe8 16. Bxe7 Qxe7 17. c3 Qd7 18. a3 Bh3 19. Bh1 Rxe1+ 20. Qxe1 Re8
21. Qd2 Qe7 22. Rd1 Qe2 23. Qc1 Re6 24. Bg2 Bxg2 25. Kxg2 Rf6 26. Rf1 h5 27. h4
Rf5 28. b4 f6 29. Qe1 Qf3+ 30. Kg1 Re5 31. Qd1 Qxc3 32. Qa1 Qxa1 33. Rxa1 Re6
34. a4 bxa4 35. Rxa4 Kh7 36. Ra6 Kg6 37. Kg2 Kf5 38. Kf3 g5 39. Rb6 g4+ 40. Kg2
d4 41. b5 cxb5 42. Rxb5+ Re5 43. Rb1 d3 44. Rd1 Ke4 45. f3+ gxf3+ 46. Kf2 Rf5
47. Ra1 d2 48. Ra4+ Kd3 49. Ra3+ Kc2 50. Ra2+ Kc1 51. Ra1+ Kb2 52. Rd1 52...
Kc2 {matar resigns} 0-1

[Event "ICS Rated blitz match"]
[Site "204.178.125.65"]
[Date "1999.09.10"]
[Round "?"]
[White "monstrik"]
[Black "Hossa"]
[Result "0-1"]
[WhiteElo "2268"]
[BlackElo "2460"]
[PlyCount "70"]
[EventDate "1999.??.??"]

1. e4 e5 2. Nf3 Nc6 3. Bb5 a6 4. Bxc6 dxc6 5. Nc3 Bg4 6. h3 Bxf3 7. Qxf3 Bb4 8.
O-O Ne7 9. a3 Ba5 10. Ne2 O-O 11. Ng3 Qd7 12. d3 Rad8 13. Bg5 f6 14. Be3 Bb6
15. Bxb6 cxb6 16. Qe3 c5 17. Ne2 Nc6 18. f4 Nd4 19. Nxd4 cxd4 20. Qe2 Qb5 21.
b3 Qc5 22. a4 Rc8 23. Ra2 Rc7 24. fxe5 fxe5 25. Rxf8+ Qxf8 26. Qf2 Rf7 27. Qg3
Rf1+ 28. Kh2 Qe7 29. b4 Qf7 30. Rb2 Qc7 31. b5 a5 32. Ra2 Qf7 33. Rb2 Qe6 34.
Rb3 Ra1 35. c3 35... Qxb3 {monstrik resigns} 0-1

[Event "ICS Rated blitz match"]
[Site "204.178.125.65"]
[Date "1999.09.22"]
[Round "?"]
[White "ninetyniner"]
[Black "Hossa"]
[Result "0-1"]
[WhiteElo "1760"]
[BlackElo "1915"]
[PlyCount "76"]
[EventDate "1999.??.??"]

1. d4 Nf6 2. c4 g6 3. Nc3 Bg7 4. Nf3 c5 5. e3 O-O 6. Be2 cxd4 7. exd4 d5 8. O-O
Nc6 9. h3 dxc4 10. Bxc4 Bf5 11. Bf4 Rc8 12. Bb3 Qb6 13. Qd2 Rfd8 14. Rad1 Na5
15. Bc2 Nc4 16. Qc1 Bxc2 17. Qxc2 Qxb2 18. Qxb2 Nxb2 19. Rb1 Rxc3 20. Rxb2 Nd5
21. Be5 b6 22. Bxg7 Kxg7 23. Re1 Rdc8 24. Kf1 e6 25. Rd1 Nf4 26. Rbd2 Nxh3 27.
Ne5 Nf4 28. g3 Nd5 29. Re2 f6 30. Nd3 Kf7 31. Red2 h5 32. f4 Ne3+ 33. Ke2 Nxd1
34. Kxd1 Rd8 35. Ke2 Rxd4 36. Ke3 e5 37. fxe5 fxe5 38. Rf2+ 38... Ke6 {
ninetyniner resigns} 0-1

[Event "ICS Rated blitz match"]
[Site "204.178.125.65"]
[Date "1999.09.21"]
[Round "?"]
[White "occam"]
[Black "Hossa"]
[Result "1-0"]
[WhiteElo "2274"]
[BlackElo "2300"]
[PlyCount "74"]
[EventDate "1999.??.??"]

1. e4 e5 2. Nf3 d6 3. d4 Nd7 4. Bc4 f6 5. Nc3 Nb6 6. Bb3 Bg4 7. Be3 exd4 8.
Bxd4 Ne7 9. O-O Nc6 10. Be3 Ne5 11. Bxb6 Bxf3 12. Bxc7 Bxd1 13. Bxd8 Bxc2 14.
Bxc2 Kxd8 15. f4 Nc4 16. b3 Ne3 17. Rfc1 Rc8 18. Bd3 Be7 19. Nb5 a6 20. Rxc8+
Kxc8 21. Nd4 d5 22. Re1 dxe4 23. Bxe4 Kb8 24. Ne6 Bd8 25. Nxd8 Rxd8 26. Rxe3
Rd1+ 27. Kf2 Rd4 28. Bxh7 Ka7 29. Re7 Rxf4+ 30. Kg3 g5 31. Be4 f5 32. Rxb7+ Ka8
33. Bc6 Rg4+ 34. Kf3 Rh4 35. Rg7+ Kb8 36. Rxg5 Rxh2 37. Rxf5 37... Rh1 {
Hossa resigns} 1-0

[Event "ICS Rated blitz match"]
[Site "204.178.125.65"]
[Date "1999.08.27"]
[Round "?"]
[White "occam"]
[Black "Hossa"]
[Result "1-0"]
[WhiteElo "2413"]
[BlackElo "2346"]
[PlyCount "85"]
[EventDate "1999.??.??"]

1. Nf3 Nf6 2. g3 d5 3. Bg2 c5 4. d3 Nc6 5. O-O e6 6. c4 Be7 7. cxd5 exd5 8. d4
Ne4 9. dxc5 O-O 10. Nfd2 Nxc5 11. Nc3 Be6 12. Nb3 d4 13. Nxc5 Bxc5 14. Ne4 Be7
15. Nd2 Qd7 16. Nb3 Bh3 17. Bxh3 Qxh3 18. Nxd4 Ne5 19. Qb3 Ng4 20. Nf3 b6 21.
Bf4 Rac8 22. Qa4 a5 23. Rad1 Rfe8 24. Bc7 Bc5 25. Qd7 a4 26. e4 Rf8 27. e5 Ra8
28. Bd6 Bxd6 29. Qxd6 Rfe8 30. Rd5 a3 31. bxa3 f6 32. e6 Nxh2 33. Nxh2 Rxe6 34.
Qc7 Rf8 35. Rd7 g6 36. Rg7+ Kh8 37. Nf3 Qh5 38. Rd7 Re2 39. Ng5 Re7 40. Rxe7
Qh2+ 41. Kxh2 fxg5 42. Rxh7+ Kg8 43. Qg7# {Hossa checkmated} 1-0

[Event "ICS Rated blitz match"]
[Site "204.178.125.65"]
[Date "1999.10.15"]
[Round "?"]
[White "pila"]
[Black "Hossa"]
[Result "0-1"]
[WhiteElo "2196"]
[BlackElo "2405"]
[PlyCount "56"]
[EventDate "1999.??.??"]

1. e4 e5 2. Nf3 Nc6 3. d4 exd4 4. Bc4 Nf6 5. O-O Nxe4 6. Re1 f5 7. Nxd4 Nxd4 8.
Qxd4 Qh4 9. f3 Qxe1+ 10. Bf1 Bc5 11. Qxc5 Nxc5 12. Bd2 Qd1 13. b4 Na4 14. g3
Qxc2 15. Nc3 Qxd2 16. Ne2 Qxb4 17. Rd1 Qa3 18. Nd4 Qxa2 19. Re1+ Kd8 20. Nxf5
Qd5 21. Ne3 Qxf3 22. Bg2 Qf6 23. Ng4 Qd4+ 24. Nf2 Rf8 25. Re2 Nc3 26. Rc2 Rxf2
27. Rxf2 Ne2+ 28. Kf1 28... Qd1# {pila checkmated} 0-1

[Event "ICS Rated blitz match"]
[Site "204.178.125.65"]
[Date "1999.09.06"]
[Round "?"]
[White "pjwlscht"]
[Black "Hossa"]
[Result "0-1"]
[WhiteElo "2284"]
[BlackElo "2485"]
[PlyCount "124"]
[EventDate "1999.??.??"]

1. Nf3 Nf6 2. g3 g6 3. Bg2 Bg7 4. O-O O-O 5. d3 d5 6. Nbd2 Nc6 7. e4 Bg4 8. h3
dxe4 9. Nxe4 Nxe4 10. dxe4 Qxd1 11. Rxd1 Bxf3 12. Bxf3 Nd4 13. Bg2 Nxc2 14. Rb1
Rad8 15. Be3 Nxe3 16. fxe3 Rxd1+ 17. Rxd1 Bxb2 18. Rb1 Be5 19. Rxb7 Bxg3 20.
Rxa7 Rb8 21. Kf1 Rb2 22. a4 Kg7 23. a5 Ra2 24. a6 Kf6 25. e5+ Bxe5 26. Bb7 Bg3
27. Ra8 Rf2+ 28. Kg1 Rd2 29. Rc8 Bf2+ 30. Kf1 Bxe3 31. Rxc7 Rf2+ 32. Ke1 Rh2
33. Rc6+ e6 34. Rc3 Bd2+ 35. Kd1 Bxc3 36. a7 Rd2+ 37. Kc1 Ra2 38. a8=Q Bd2+ 39.
Kd1 Rxa8 40. Bxa8 Bf4 41. Ke2 Kg5 42. Kf3 e5 43. Kg2 f5 44. Bb7 e4 45. Bc6 Be3
46. Bd5 Kf4 47. Bc6 g5 48. Bb7 Ke5 49. Ba8 f4 50. Bb7 Bd2 51. Bc6 Kd4 52. h4 g4
53. Bd7 f3+ 54. Kg3 h5 55. Bxg4 Be1+ 56. Kf4 hxg4 57. h5 f2 58. h6 f1=Q+ 59.
Kg5 Bh4+ 60. Kg6 Qf6+ 61. Kh7 Qf7+ 62. Kh8 62... Bf6# {pjwlscht checkmated} 0-1

[Event "ICS Rated blitz match"]
[Site "204.178.125.65"]
[Date "1999.09.22"]
[Round "?"]
[White "prg3"]
[Black "Hossa"]
[Result "0-1"]
[WhiteElo "2087"]
[BlackElo "2040"]
[PlyCount "98"]
[EventDate "1999.??.??"]

1. d4 Nf6 2. c4 g6 3. Nc3 Bg7 4. e4 d6 5. Nf3 O-O 6. Be2 e5 7. dxe5 dxe5 8.
Qxd8 Rxd8 9. Bg5 h6 10. Bxf6 Bxf6 11. Nd5 Nd7 12. O-O-O Bg7 13. Nxc7 Rb8 14.
Rd6 b6 15. Rhd1 Rb7 16. Nd5 Re8 17. Nb4 Bf8 18. Nc2 Bxd6 19. Rxd6 Nc5 20. Nd2
Rd7 21. Rxd7 Nxd7 22. Bg4 Nf6 23. Bxc8 Rxc8 24. f3 a5 25. Ne3 Kg7 26. Kc2 Rd8
27. Kc3 Nd7 28. Nd5 f6 29. a3 h5 30. b4 Ra8 31. Kb3 Kf7 32. Nb1 g5 33. Nbc3
axb4 34. axb4 Rc8 35. Na4 Rc6 36. b5 Rd6 37. Kb4 h4 38. c5 bxc5+ 39. Nxc5 Nb8
40. Nb7 Rd7 41. Na5 Ra7 42. Nc6 Nxc6+ 43. bxc6 Ke6 44. Kc5 Ra2 45. Kb6 Kd6 46.
c7 Rb2+ 47. Ka7 Kd7 48. Nxf6+ Kxc7 49. g3 49... Ra2# {prg3 checkmated} 0-1

[Event "ICS Rated blitz match"]
[Site "204.178.125.65"]
[Date "1999.10.18"]
[Round "?"]
[White "rb"]
[Black "Hossa"]
[Result "1/2-1/2"]
[WhiteElo "2418"]
[BlackElo "2486"]
[PlyCount "77"]
[EventDate "1999.??.??"]

1. e4 e5 2. Nf3 Nc6 3. Bb5 a6 4. Ba4 Nf6 5. O-O Be7 6. Re1 b5 7. Bb3 O-O 8. c3
d5 9. exd5 Nxd5 10. Nxe5 Nxe5 11. Rxe5 c6 12. d4 Bd6 13. Re1 Qh4 14. g3 Qh3 15.
Be3 Bg4 16. Qd3 Bf3 17. Qf1 Qf5 18. Nd2 Bg4 19. Rac1 Bh3 20. Bc2 Nxe3 21. Rxe3
Qh5 22. Qd3 Rfe8 23. Rce1 Rxe3 24. Qxe3 Be6 25. Qf3 Qxf3 26. Nxf3 Bxa2 27. b3
Ba3 28. Ra1 Bxb3 29. Bxb3 Bb2 30. Rd1 Bxc3 31. Ne5 c5 32. Bd5 Rf8 33. Bxf7+ Kh8
34. Be6 Bxd4 35. Nf7+ Kg8 36. Ng5+ Kh8 37. Nf7+ Kg8 38. Nd6+ Kh8 39. Nf7+ {
Game drawn by repetition} 1/2-1/2

[Event "ICS Rated blitz match"]
[Site "204.178.125.65"]
[Date "1999.10.18"]
[Round "?"]
[White "rb"]
[Black "Hossa"]
[Result "1-0"]
[WhiteElo "2408"]
[BlackElo "2488"]
[PlyCount "147"]
[EventDate "1999.??.??"]

1. e4 e5 2. Nf3 Nc6 3. Bb5 a6 4. Ba4 Nf6 5. O-O Be7 6. Re1 b5 7. Bb3 O-O 8. c3
d5 9. exd5 Nxd5 10. Nxe5 Nxe5 11. Rxe5 c6 12. d4 Bd6 13. Re1 Qh4 14. g3 Qh3 15.
Be3 Bg4 16. Qd3 Bf3 17. Qf1 Qf5 18. Nd2 Bg4 19. Rac1 Bh3 20. Bc2 Nxe3 21. Rxe3
Qh5 22. Qd3 Rfe8 23. Rce1 Rxe3 24. Qxe3 Be6 25. Qf3 Qxf3 26. Nxf3 Bxa2 27. b3
Ba3 28. Ne5 Bb2 29. Re3 Re8 30. Nxc6 Rxe3 31. fxe3 Bxc3 32. Kf2 f6 33. Ne7+ Kf7
34. Nd5 Ba5 35. Kf3 g6 36. e4 Ke6 37. g4 Kf7 38. Ke3 Kg7 39. h3 h6 40. h4 Be1
41. h5 gxh5 42. gxh5 Ba5 43. Nf4 Bb4 44. Ne2 a5 45. Nc1 Bxb3 46. Bxb3 a4 47.
Be6 Be7 48. Bd7 a3 49. Bxb5 f5 50. Kd3 fxe4+ 51. Kxe4 Kf6 52. Kd5 Kg5 53. Ke6
Bb4 54. Be8 Bd2 55. Na2 Kf4 56. d5 Ke3 57. d6 Kd4 58. Bg6 Kc5 59. d7 Bg5 60.
Kf7 Kc4 61. Ke8 Kb3 62. Bf7+ Kb2 63. Nb4 Kc1 64. Be6 Kd2 65. Nc6 a2 66. Bxa2
Kc3 67. Ne7 Kb2 68. Be6 Kc2 69. d8=Q Kc1 70. Qd3 Kb2 71. Nd5 Kc1 72. Nb4 Kb2
73. Qc2+ Ka3 74. Qb3# {Hossa checkmated} 1-0

[Event "ICS Rated blitz match"]
[Site "204.178.125.65"]
[Date "1999.10.18"]
[Round "?"]
[White "rb"]
[Black "Hossa"]
[Result "1/2-1/2"]
[WhiteElo "2422"]
[BlackElo "2451"]
[PlyCount "56"]
[EventDate "1999.??.??"]

1. e4 e5 2. Nf3 d6 3. d4 exd4 4. Nxd4 Nf6 5. Nc3 Be7 6. Bc4 Nxe4 7. Qh5 d5 8.
Bxd5 Nd6 9. Bf4 O-O 10. O-O-O Nd7 11. Bxd6 Bxd6 12. Nf5 Bf4+ 13. Kb1 c6 14. Bc4
b5 15. g3 g6 16. Qg4 Bg5 17. h4 gxf5 18. Qxf5 Be7 19. Bb3 Rb8 20. Ne4 Qc7 21.
Rd6 Bxd6 22. Nf6+ Nxf6 23. Qg5+ Kh8 24. Qxf6+ Kg8 25. Qg5+ Kh8 26. Qf6+ Kg8 27.
Qg5+ Kh8 28. Qf6+ 28... Kg8 {Game drawn by repetition} 1/2-1/2

[Event "ICS Rated blitz match"]
[Site "204.178.125.65"]
[Date "1999.09.13"]
[Round "?"]
[White "rb"]
[Black "Hossa"]
[Result "1-0"]
[WhiteElo "2383"]
[BlackElo "2409"]
[PlyCount "183"]
[EventDate "1999.??.??"]

1. e4 e5 2. Nf3 Nc6 3. Bb5 a6 4. Ba4 Nf6 5. O-O Be7 6. Re1 b5 7. Bb3 d6 8. c3
O-O 9. h3 Na5 10. Bc2 c5 11. d4 Nd7 12. Nbd2 cxd4 13. cxd4 Bf6 14. d5 Bb7 15.
b3 Be7 16. Bb2 f5 17. Rc1 fxe4 18. Nxe4 Nb6 19. Qd3 g6 20. Nc3 b4 21. Ne4 Nxd5
22. Qd2 Nf4 23. Qxb4 Nxh3+ 24. Kf1 Rxf3 25. gxf3 Bd5 26. Rcd1 Nf4 27. Bc1 Rb8
28. Qc3 Rc8 29. Qb2 Bc6 30. Bxf4 exf4 31. Kg1 d5 32. Qe5 Bb7 33. Bb1 Kf7 34.
Qxf4+ Kg7 35. Qe5+ Kg8 36. Rd2 Qd7 37. Nf6+ Bxf6 38. Qxf6 Rf8 39. Qg5 Qc6 40.
Qe7 Qc3 41. Rd3 Qc8 42. Qe6+ Qxe6 43. Rxe6 Nc6 44. Kf1 d4 45. Ke2 a5 46. a4 Rc8
47. Rd1 Kf7 48. Rd6 Ke7 49. Rd5 Rb8 50. Rc1 Rc8 51. Kd2 Ba8 52. Rxa5 Nxa5 53.
Rxc8 Nxb3+ 54. Ke2 Bxf3+ 55. Kxf3 Nd2+ 56. Ke2 Nxb1 57. Kd3 Nc3 58. a5 Kd6 59.
Rh8 Kc5 60. a6 Kb6 61. Rxh7 Kxa6 62. Rh6 Ka5 63. Rxg6 Kb5 64. Rg5+ Kc6 65. Kxd4
Ne2+ 66. Ke5 Nc1 67. Rg3 Kd7 68. Kf6 Ne2 69. Rd3+ Kc6 70. Ke5 Kb7 71. Kd6 Nf4
72. Rf3 Ng6 73. Rf6 Nh4 74. Rf4 Ng2 75. Rb4+ Ka6 76. Kc6 Ka7 77. Ra4+ Kb8 78.
Rg4 Ne1 79. Rb4+ Ka7 80. Rb7+ Ka6 81. Rb1 Nc2 82. Kc5 Ka5 83. f4 Ka6 84. f5 Ne3
85. f6 Ng4 86. f7 Ne5 87. f8=Q Nd7+ 88. Kc6 Ne5+ 89. Kd5 Nc6 90. Qc8+ Ka5 91.
Qa8+ Na7 92. Qxa7# {Hossa checkmated} 1-0